Faça o vestibular com seu filho, faça vestibular com seus pais (Record no. 60654)

MARC details
000 -LÍDER
campo de controle de tamanho fixo 00474 a2200157 4500
001 - NÚMERO DE CONTROLE
campo de controle 60654
020 ## - ISBN - INTERNATIONAL STANDARD BOOK NUMBER
ISBN - International Standard Book Number 8573072393
040 ## - FONTE DA CATALOGAÇÃO
Instituição que transcreveu o registro Anchieta - Pituba
100 ## - ENTRADA PRINCIPAL--NOME PESSOAL
Nome pessoal Levenfus, Rosane Schotgues
240 10 - TÍTULO UNIFORME
Título uniforme Faça o vestibular com seu filho, faça vestibular com seus pais
Idioma da obra por
245 10 - TÍTULO
Título Faça o vestibular com seu filho, faça vestibular com seus pais
300 ## - DESCRIÇÃO FÍSICA
Extensão 144
362 0# - DATAS DE PUBLICAÇÃO E/OU DESIGNAÇÃO SEQUENCIAL
Datas de publicação e/ou designação sequencial 1997
650 #4 - ASSUNTO--TERMO TÓPICO
Cabeçalho tópico ou nome geográfico . Vestibulares / Exames de admissão em universidades
942 ## - ELEMENTOS DE ENTRADA ADICIONADOS (KOHA)
Tipo de material Koha Livros
Holdings
Situação do descarte Situação das perdas Situação física Não pode ser emprestado Biblioteca de origem Biblioteca atual Data de aquisição Total de empréstimos Número de chamada completo Código de barras Data de último acesso Data do preço efetivo Tipo de material Koha
        Colégio Anchieta - Pituba Colégio Anchieta - Pituba 21/11/2023   378.161 L657f LEV FAC 12402/PIT 21/11/2023 21/11/2023 Livros